000 00331nam a2200145Ia 4500
008 230917s9999||||xx |||||||||||||| ||und||
040 _e108022
_aMAIN
041 _aEnglish
082 _a658.8 I2N
100 _aICFAI
245 4 _aThe new age marketing
260 _aHyderabad
_bICFAI
_c2001
300 _a205p p.
942 _cBK
999 _c123137
_d123137